| 000 | 00713nam a22002297a 4500 | ||
|---|---|---|---|
| 003 | 0 | ||
| 005 | 20250426144925.0 | ||
| 008 | 250426b xxu||||| |||| 00| 0 eng d | ||
| 020 | _a978-621-427-086-6 | ||
| 050 |
_aHF 5415 _b.Ac25 2022 |
||
| 100 | _aAcierto, Marife Agustin | ||
| 245 |
_aInternet marketing _cMarife Agustin Acierto |
||
| 260 |
_aManila _bUnlimited Books Library Services & Publishing Inc. _cc2022 |
||
| 300 |
_ax, 221 pages ; _c26cm. |
||
| 504 | _aIncludes bibliographical references. | ||
| 650 | _aInternet marketing. | ||
| 650 | _aElectronic commerce. | ||
| 650 | _aSocial media—Marketing. | ||
| 650 | _aOnline advertising. | ||
| 700 | _aAcierto, Gilfred Abad | ||
| 942 |
_2lcc _cBK |
||
| 999 |
_c367423 _d367423 |
||